I Bet You Think About Me - Taylor Swift (All Lyrics) - Statistics

General Stats
  • This quiz has been taken 1,858 times
  • The average score is 351 of 424
Answer Stats
Answer % Correct
a
100%
I
100%
i
100%
be
99%
bet
99%
you
99%
You
99%
an
98%
me
98%
and
97%
And
97%
in
97%
your
97%
about
96%
she
95%
think
95%
she's
94%
shoes
94%
the
94%
The
94%
you're
92%
I'm
91%
i'm
91%
when
91%
When
91%
Oh
90%
oh
90%
that
90%
Do
89%
than
89%
we
89%
better
88%
it
88%
my
88%
so
88%
to
88%
free
87%
go
87%
just
87%
Just
87%
friends
86%
no
85%
say
85%
tell
85%
were
85%
we're
85%
am
84%
for
84%
was
84%
Was
84%
3
83%
girl
83%
mine
83%
still
83%
up
83%
fine
82%
it's
82%
with
82%
awake
81%
bed
81%
love
81%
they
81%
But
80%
but
80%
I'll
80%
who
80%
god
79%
insane
79%
of
79%
on
79%
song
79%
Yeah
79%
yeah
79%
city
78%
wrote
78%
had
77%
has
77%
now
77%
Now
77%
out
76%
at
75%
dollar
75%
grew
75%
hard
75%
leave
75%
million
75%
over
75%
all
74%
farm
74%
know
74%
wasn't
74%
asleep
73%
believe
73%
couch
73%
done
73%
fast
73%
forget
73%
mansion
73%
that's
73%
what
73%
harder
72%
have
72%
can't
71%
community
71%
is
71%
why
71%
let
70%
like
70%
pedigree
70%
back
69%
fall
69%
heard
69%
house
69%
kitchen
69%
never
69%
raised
69%
silver
69%
sit
69%
table
69%
too
69%
get
68%
life
68%
organic
68%
room
68%
said
68%
book
67%
gated
67%
meaning
67%
spoon
67%
beverly
66%
couldn't
66%
dancin
66%
don't
66%
hills
66%
livin
66%
happy
65%
help
65%
her
65%
jokes
65%
lookin
65%
spring
65%
talkin
65%
Thinkin
65%
upper
65%
you'll
65%
around
64%
early
64%
eyes
64%
fell
64%
indie
64%
bills
63%
did
63%
different
63%
every
63%
fit
63%
hadn't
63%
music
63%
old
63%
snow
63%
tried
63%
dreams
62%
need
62%
rolled
62%
time
62%
cause
61%
laughed
61%
make
61%
not
61%
realized
61%
saved
61%
concerts
60%
Scared
60%
scared
60%
week
60%
world
60%
cool
59%
Mr
59%
reality
58%
searchin
58%
Superior
58%
shiny
57%
does
56%
feel
56%
last
56%
shit
56%
soul
56%
felt
55%
sad
55%
space
55%
bright
54%
circles
54%
mattered
54%
none
54%
hip
53%
shrink
53%
yes
53%
em
52%
turns
51%
crept
50%
loud
50%
sayin
50%
voices
50%
block
49%
Well
48%
Glamorous
47%
status
47%
Chasing
46%
crust
45%
No matching quizzes found
Score Distribution
Percent of People with Each Score
Percentile by Number Answered
Your Score History
You have not taken this quiz